| 000 | 01647nam a2200421 c 4500 | ||
|---|---|---|---|
| 003 | BLK | ||
| 005 | 20250128005513.0 | ||
| 008 | 180410b bul|||||r ||||||| ||bul|| | ||
| 010 | _aKNG00156612000 | ||
| 020 |
_a978-954-389-274-7 _bиздат.: Ера |
||
| 040 | _aBLK | ||
| 041 |
_aBUL _cBUL |
||
| 072 | 7 |
_2bullib _aН32 _xПолитика Н |
|
| 080 |
_aВътрешна политика. Вж и 329 _b323 _x(497.2)(02.062) _z323(497.2)(02.062) |
||
| 080 |
_a _b949.72.05/.06 _x(02.062) _z949.72.05/.06(02.062) |
||
| 100 | 1 |
_aДанов, Румен _eпърви автор _9380541 |
|
| 139 |
_aДанов, Румен _bД 19 |
||
| 245 | 1 | 0 |
_aБългарските освобождения _bИзгубените поуки _cРумен Данов. |
| 257 | _aBGR | ||
| 260 |
_аСофия _bЕра _bГлобус _c2014 |
||
| 300 |
_a584 с. _c23 см |
||
| 380 | _a3 | ||
| 500 | _aСъдържа и за авт. - Съкращения. - Библиогр. с. 575-579. | ||
| 650 | 4 |
_aПреход от тоталитаризъм към демокрация - България _9245662 |
|
| 650 | 0 |
_aБългария - вътрешна политика _9241559 |
|
| 650 | 0 |
_aБългария - история _9244493 |
|
| 651 | 4 |
_aБългария _9241624 |
|
| 653 | _aбългарска история | ||
| 653 | _aпреходно общество | ||
| 653 | _aосвобождение | ||
| 659 | _aН | ||
| 852 | _aЦб 268089 | ||
| 856 | 4 |
_qpdf _u |
|
| 856 | 4 |
_qpdf _u |
|
| 942 |
_cKNG _n0 _07 |
||
| 944 |
_aCR _c13.02.2014 _lCRON CRON _k |
||
| 944 |
_aED _c28.04.2016 _lф / _kЛюдмила_Стоянова |
||
| 999 |
_c150293 _d150293 |
||